| 000 | 00466nam a2200169Ia 4500 | ||
|---|---|---|---|
| 003 | GCL | ||
| 008 | 140319s9999 xx 000 0 eng d | ||
| 040 |
_aGCL / _cGCL |
||
| 082 | 0 | 4 |
_a791.43 _bS Q |
| 100 | 1 | _aSMITH, GIOFFREY NOWELL | |
| 245 | 1 | 0 |
_aTHE OXFORD HISTORY OF WORLD CINEMA / _cSMITH, GIOFFREY NOWELL |
| 260 |
_a[S.N] : _bOXFORD UNIVERSITY PRESS ، _c1996 |
||
| 300 | _a824 P | ||
| 650 | 0 | 4 | _aARTS |
| 650 | 0 | 4 | _aDOCUMENTARY AND CRITICISM |
| 942 |
_2ddc _cBK |
||
| 999 |
_c13830 _d13830 |
||